Metadata
| 000 -Etiqueta do registo |
| campo de controlo de comprimento fixo |
01189nam a2200373 4500 |
| 001 - Identificador do registo |
| Campo de controlo |
24617 |
| 010 ## - ISBN |
| Número (ISBN) |
9789899071858 |
| 021 ## - Nº depósito legal |
| Código do país |
Portugal |
| Número |
526238/24 |
| 100 ## - Dados Gerais de Proc. |
| Dados gerais de processamento |
20250811d2024 c y0pory50030103ba |
| 101 1# - Língua da publicação |
| Língua do texto, banda sonora, etc. |
Português |
| Língua do documento no original |
fre |
| 102 ## - País de Publicação |
| País de publicação |
Portugal |
| 105 ## - Dados Codif. Livros |
| Dados codificados dos livros |
a z 000fy |
| 106 ## - Atributos Físicos |
| Dados codificados do material textual |
r |
| 200 1# - Título |
| Título próprio |
A sopa da pedra |
| Primeira menção de responsabilidade |
Alain Serge Dzotap, Irène Schoch |
| Outras menções de responsabilidade |
trad. Maria Afonso |
| 210 #9 - Publicação, Distribuição |
| Lugar da edição, distribuição, etc. |
Lisboa |
| Nome do editor, distribuidor, etc. |
Orfeu Negro |
| Data da publicação, distribuição, etc. |
2024 |
| 215 ## - Descrição física |
| Descrição física |
[26] p. |
| Outras indicações físicas |
il. |
| Dimensões |
29 cm |
| 225 2# - Colecção |
| Título próprio da colecção |
Orfeu mini |
| 324 ## - Nota de versão original |
| Texto da nota |
Tit. orig.: La soupe aux cailloux moelleux |
| 330 ## - Sumário ou Resumo |
| Texto da nota |
Eram tempos de fome. Há semanas que Leuk, a lebre, não trincava nada. Mas mesmo de barriga vazia, Leuk tinha sempre qualquer coisa na manga... ao longe, avistou uma aldeia e bateu à primeira porta que encontrou. Lá de dentro, resmungou Bouki, a hiena, conhecida pela sua avareza e gulodice. "Não vim mendigar comida — sossegou-a Leuk — empresta-me só uma panela, suja ou limpa, para cozinhar uma sopa da pedra. Com pedras moles." Bouki fica desconfiada, mas será que consegue resistir?
Popular em vários lugares do mundo, a história da sopa da pedra fala-nos de encontros e de partilha. Um caldo apurado, feito por todos e com que todos se regalam! |
| 606 ## - Nome comum |
| Elemento de entrada |
Literatura infantil |
| Subdivisão de assunto |
Conto |
| 675 ## - CDU |
| Notação |
087.5 |
| Edição |
BN |
| Língua da edição |
Português |
| 675 ## - CDU |
| Notação |
821.133.1(671.1)-93"20" |
| Edição |
BN |
| Língua da edição |
Português |
| 700 #1 - Responsabilidade principal |
| Palavra de ordem |
Dzotap |
| Outra parte do nome |
Alain Serge |
| Datas |
1978- |
| 701 #1 - Co-responsabilidade principal |
| Palavra de ordem |
Schoch |
| Outra parte do nome |
Irène |
| Código de função |
Ilustrador |
| 702 #1 - Responsabilidade secundária |
| Palavra de ordem |
Afonso |
| Outra parte do nome |
Maria |
| Código de função |
Tradutor |
| 801 #0 - Fonte de origem |
| País |
Portugal |
| Agência |
BEDB |
| Regras de catalogação |
RPC |
| 090 ## - Números de controlo do sistema (Koha) |
| Número biblioitem do Koha (gerado automaticamente) |
24617 |
| 942 ## - Elementos de entrada adicionados (Koha) |
| Suprimido |
Disponível no OPAC |
| Tipo de item no Koha |
Monografia |